| 000 | 00764cab a2200253 4500 | ||
|---|---|---|---|
| 001 | ABS48411 | ||
| 008 | 090401t1993 xxu||||| |||| 00| 0 eng d | ||
| 035 | _a(Sirsi) u66555 | ||
| 041 | _aeng | ||
| 245 | _aEcclesiastical exemption | ||
| 260 | _c1993 | ||
| 350 | _a0 | ||
| 490 |
_aConservation Bulletin _v(19) March 1993, 14-15(2) |
||
| 520 | _aSets out the Government Code of Practice to control works to church listed buildings and to unlisted buildings in conservation areas. | ||
| 650 | _aCHURCHES | ||
| 650 | _aECCLESIASTICAL BUILDINGS | ||
| 650 | _aECCLESIASTICAL EXEMPTION | ||
| 650 | _aLISTED BUILDINGS | ||
| 650 | _aPLANNING CONTROL | ||
| 690 | _aCONSERVATION | ||
| 690 | _aPLANNING LAW AND PRACTICE | ||
| 942 | _n0 | ||
| 948 | _c04/03/1997 | ||
| 999 |
_c41579 _d41579 |
||